000 00696nam a2200253 4500
005 20180906105305.0
006 000
007 000
008 000
020 _a9780470646137
040 _aUOEL
050 _aTA330
_b.K73 2011
100 _aKreyszig, Erwin
245 _aAdvanced engineering mathematics /
_cby Erwin Kreyszig
250 _a10th ed.
260 _aAsia;
_bJohn Wiley and Sons, Inc
_cc2011.
300 _axv, 996 p. :
_bill.
440 _aInternational student version
500 _aincludes index, appendix and bibliographical references
650 _2Advanced engineering mathematics
700 _aHerbert Kreyszig
700 _aEdward J. Norminton
942 _2lcc
_cSL2
999 _c16523
_d16523